Laser Scanning Systems in Highway and Safety Assessment: Analysis of Highway Geometry and Safety Using LiDAR /
Salvato in:
| Autori principali: | , |
|---|---|
| Natura: | Libro |
| Lingua: | inglese |
| Pubblicazione: |
Cham:
Springer Nature Switzerland AG,
2020
|
| Serie: | Advances in Science, Technology & Innovation - IEREK Interdisciplinary Series for Sustainable Development
|
| Soggetti: | |
| Tags: |
Nessun Tag, puoi essere il primo ad aggiungerne!!
|
MARC
| LEADER | 00000nam a22000003a 4500 | ||
|---|---|---|---|
| 001 | 0100471 | ||
| 003 | SK-STU | ||
| 005 | 20230206094759.2 | ||
| 007 | ta | ||
| 008 | 230206s ----xo-----e------000-0-----d | ||
| 020 | |a 978-3-030-10373-6 | ||
| 022 | |a 2522-8714 | ||
| 040 | |a STU |b slo | ||
| 041 | 0 | |a eng |h eng | |
| 044 | |a sz | ||
| 100 | 1 | |a Pradhan, Biswajeet |4 aut |r Z6 | |
| 245 | 1 | 0 | |a Laser Scanning Systems in Highway and Safety Assessment: |b Analysis of Highway Geometry and Safety Using LiDAR / |c aut. Biswajeet Pradhan, Maher Ibrahim Sameen |
| 260 | |a Cham: |b Springer Nature Switzerland AG, |c 2020 | ||
| 300 | |a 157 s. | ||
| 490 | 0 | |a Advances in Science, Technology & Innovation - IEREK Interdisciplinary Series for Sustainable Development | |
| 650 | 0 | 7 | |a laser scanning |
| 650 | 0 | 7 | |a LiDAR |
| 650 | 0 | 7 | |a GIS |
| 650 | 0 | 7 | |a highway |
| 650 | 0 | 7 | |a safety assessment |
| 700 | 1 | |a Sameen, Maher Ibrahim |r Z6 |4 aut | |
| 996 | |c V* 53476/O-24636 |l VV4 |s P |a 0 |w 0100471_0001 | ||